| 000 | 02618nam a2200301 a 4500 | ||
|---|---|---|---|
| 003 | DO-SdBNP | ||
| 005 | 20250203105242.0 | ||
| 007 | ta | ||
| 008 | 221116e2022 dr |||gr|||| 001 edspa d | ||
| 020 | _a9789945250329 | ||
| 040 |
_aDO-SdBNP _bspa _cBNPHU |
||
| 082 | 4 |
_222 _bG897R |
|
| 100 | 1 |
_aRojas Osorio, Carlos _d1946- _9808 |
|
| 245 | 1 | 0 |
_aPablo Guadarrama González: _bfilósofo latinaomericano. / _cCarlos Rojas Osorio; Prólogo, Federico José Álvarez |
| 260 |
_aSanto Domingo : _bArchivo General de la Nación, _c2022 |
||
| 300 |
_a452 p. ; _c23 cm. |
||
| 490 | 1 |
_aArchivo General de la Nación ; _v442 |
|
| 500 | _aIncluye datos biográficos del autor en las solapas de las cubiertas | ||
| 500 | _aIncluye datos y notas al pié de páginas. | ||
| 504 | _aBibliografía: p. 389 - 447 | ||
| 505 |
_aPrólogo. / _rFederico José Álvarez.-- _gCapítulo I. _tSemblanza de Pablo Guadarrama González: filósofo latinoamericano.-- _gCapítulo II. _tLa filosofía: su objetivo y funciones.-- _gCapítulo III. _tEl método en la historia de la filosofía.-- _gCapítulo IV. _tLa cultura como dialéctica entre lo universal y lo específico.-- _gCapítulo V. _tTrayectoria de la filosofía en Cuba.-- _gCapítulo VI. _tEl ideario filosófico de Enrique José Varona.-- _gCapítulo VII. _tMartí, humanista práctico latinoamericano. _gCapítulo VIII. _tHostos y el positivismo sui generis.-- _gCapítulo IX. _tEl positivismo en América Latina.-- _tCapítulo X. _tCrítica y superación del positivismo latinoamericano.-- _gCapítulo XI. _tEducación e investigación científica.-- _gCapítulo XII. _tCrítica de los reduccionismos epistemológico.-- _gCapítulo XIII. _tCrítica del posmodernismo. _gCapítulo XIV. _tMarxismo y antimarxismo en América latina.-- _gCapítulo XV. _tFilosofía y marxismo en Colombia.-- _gCapítulo XVI. _tDemocracia y los Derechos Humanos: más allá del occidentalismo. _gCapítulo XVII. _tLa integración latinoamericana.-- _gCapítulo XVIII. _tFilosofía política y humanismo en América Latina.-- _gCapítulo XIX. _tEl pensamiento político latinoamericano y la cultura de la paz.-- _gCapítulo XX. _tEl marxismo como filosofía de la liberación.-- _gCapítulo XX. _tDel socialismo real a la utopía.-- _tConclusiones.-- _tEpílogo de Ángel Moreta Aguasvivas.-- _tBibliografía.-- _tBibliografía de Pablo Guadarrama González. |
||
| 590 | _aInvenariado 2022 / MF | ||
| 600 | 4 |
_972224 _aGuadarrama González, Pablo _d1949- _vBiografía |
|
| 650 | 4 |
_944345 _aAutores Cubanos _xBiografía |
|
| 650 | 4 |
_98956 _aPensamiento Filosófico _vGuadarrama González, Pablo _zCuba |
|
| 910 | _aMFeliz | ||
| 942 |
_2ddc _cLBS1 |
||
| 999 |
_c52960 _d52960 |
||